U.S. National Weather Service Offices - Statistics

General Stats
  • This quiz has been taken 7 times
  • The average score is 60 of 124
Answer Stats
State Answer % Correct
Alaska Anchorage
100%
Alabama Birmingham
100%
Alaska Fairbanks
83%
Alaska Juneau
83%
Arkansas Little Rock
83%
California Los Angeles
83%
California San Diego
83%
California San Francisco
83%
Arizona Tucson
83%
Georgia Atlanta
67%
Idaho Boise
67%
Illinois Chicago
67%
Colorado Denver
67%
Iowa Des Moines
67%
Kansas Dodge City
67%
Arizona Flagstaff
67%
Guam Guam
67%
Hawaii Honolulu
67%
Alabama Huntsville
67%
Kentucky | Mississippi Jackson
67%
Florida Jacksonville
67%
Florida Miami
67%
Alabama | Florida Mobile/Pensacola
67%
Missouri Pleasant Hill/Kansas City
67%
California Sacramento
67%
Missouri Springfield
67%
Florida Tampa
67%
Kansas Topeka
67%
New York Albany
50%
Montana Billings
50%
North Dakota Bismarck
50%
Massachusetts Boston
50%
New York Buffalo
50%
Vermont Burlington
50%
South Carolina | West Virginia Charleston
50%
Ohio Cleveland
50%
South Carolina Columbia
50%
Iowa Davenport/Quad Cities
50%
Michigan Detroit/Pontiac
50%
Texas El Paso
50%
Texas Fort Worth
50%
Colorado Grand Junction
50%
Texas Houston
50%
Indiana Indianapolis
50%
Florida Key West
50%
Nevada Las Vegas
50%
Illinois Lincoln
50%
Kentucky Louisville
50%
Tennessee Memphis
50%
Wisconsin Milwaukee
50%
Minnesota Minneapolis
50%
Tennessee Nashville
50%
Louisiana New Orleans
50%
New York New York City
50%
Indiana Northern Indiana
50%
Nebraska Omaha
50%
Pennsylvania Philadelphia
50%
Pennsylvania Pittsburgh
50%
Maine | Oregon Portland
50%
Colorado Pueblo
50%
North Carolina Raleigh
50%
Nevada Reno
50%
Utah Salt Lake City
50%
Puerto Rico San Juan
50%
Washington Seattle
50%
Louisiana Shreveport
50%
Virginia Sterling/Washington/Baltimore
50%
Missouri St. Louis
50%
Florida Tallahassee
50%
Oklahoma Tulsa
50%
Kansas Wichita
50%
South Dakota Aberdeen
33%
Texas Amarillo
33%
New York Binghamton
33%
Virginia Blacksburg
33%
Texas Brownsville
33%
Maine Caribou
33%
Wyoming Cheyenne
33%
Texas Corpus Christi
33%
Minnesota Duluth
33%
Nevada Elko
33%
California Eureka
33%
Michigan Gaylord
33%
Montana Glasgow
33%
Kansas Goodland
33%
North Dakota Grand Forks
33%
Michigan Grand Rapids
33%
Montana Great Falls
33%
Wisconsin Green Bay
33%
South Carolina Greer/Greenville
33%
California Hanford/San Joaquin Valley
33%
Nebraska Hastings
33%
Tennessee Knoxville
33%
Wisconsin La Crosse
33%
Louisiana Lake Charles
33%
Texas Lubbock
33%
Michigan Marquette
33%
Oregon Medford
33%
Florida Melbourne
33%
Texas Midland/Odessa
33%
Montana Missoula
33%
Oklahoma Norman
33%
Nebraska North Platte
33%
Kentucky Paducah
33%
Oregon Pendleton
33%
Idaho Pocatello
33%
South Dakota Rapid City
33%
Wyoming Riverton/Central Wyoming
33%
Texas San Angelo
33%
Texas San Antonio
33%
South Dakota Sioux Falls
33%
Washington Spokane
33%
Pennsylvania State College
33%
Virginia Wakefield
33%
North Carolina | Ohio Wilmington
33%
New Mexico Albquerque
17%
North Carolina Newport
17%
Arizona Pheonix
17%
Maryland Silver Springs
17%
No matching quizzes found
Score Distribution
Percent of People with Each Score
Percentile by Number Answered
Your Score History
You have not taken this quiz